Maybe You're The Problem - Ava Max (lyrics) - Statistics

General Stats
  • This quiz has been taken 70 times
  • The average score is 300 of 397
Answer Stats
Hint Answer % Correct
I
100%
you
100%
You
100%
a
98%
it
96%
It
96%
your
96%
Your
96%
problem
94%
maybe
91%
the
91%
And
87%
and
87%
take
87%
you're
87%
but
85%
Chorus But
85%
should
85%
1 Verse Always
83%
always
83%
my
83%
no
83%
to
81%
Baby
79%
finger
79%
in
79%
it's
79%
Bridge It's
79%
just
79%
make
79%
point
79%
all
77%
All
77%
little
77%
look
77%
me
77%
mirror
74%
of
74%
say
74%
with
74%
right
72%
fault
68%
love
68%
at
66%
view
66%
about
64%
friends
64%
like
64%
second
64%
time
64%
when
64%
go
62%
reflection
62%
they
62%
short
60%
were
60%
bomb
57%
eyes
57%
fuse
55%
hate
55%
Now
55%
on
55%
out
55%
Out
55%
be
53%
Especially
53%
ex
53%
from
53%
myself
53%
not
53%
takes
53%
think
53%
turns
53%
two
53%
heard
51%
Opened
51%
things
51%
got
49%
had
49%
sense
49%
Pre-Chorus Worked
49%
see
47%
few
45%
for
45%
lot
45%
Okay
45%
backwards
43%
pattern?
43%
whole
43%
bad
40%
put
40%
next
38%
Already
36%
feel
36%
have
36%
more
36%
up
34%
won't
32%
even
30%
most
30%
waiting
30%
close
28%
doing
28%
Drama
28%
2 Verse Ego
28%
follows
26%
home
23%
touch
23%
Hey
13%
Ohh
6%
No matching quizzes found
Score Distribution
Percent of People with Each Score
Percentile by Number Answered
Your Score History
You have not taken this quiz